| 000 | 00777nam1a22002171i 4500 | ||
|---|---|---|---|
| 001 | rc\2853609 | ||
| 005 | 20240726085837.0 | ||
| 035 | _a(NLR Aleph) 007008350 | ||
| 090 |
_a5789045 _c5789045 |
||
| 100 | _a20110706d1932 |||y0rusy50 ca | ||
| 101 | 0 | _arus | |
| 102 | _aRU | ||
| 105 | _ay z ||||| | ||
| 200 | 1 |
_aПособие учащим по обучению русскому языку в хакасской национальной школе _eЧ. 1- _fК. Самрин |
|
| 210 |
_aАбакан _cФилиал Зап.-Сиб. отд-ния Огиз'а _d1932 _gтип. № 5 Запсибполиграфтреста |
||
| 215 | _d20×15 см | ||
| 700 | 1 |
_aСамрин _bК. |
|
| 801 | 0 |
_aRU _bNLR _gpsbo |
|
| 801 | 1 |
_aRU _bELAR _2rusmarc |
|
| 852 |
_aNLR _j33-17/162 |
||
| 942 | _cBOOK | ||